| 000 | 00639nam a22002177a 4500 | ||
|---|---|---|---|
| 003 | OSt | ||
| 005 | 20140310181917.0 | ||
| 008 | 130716t xxu||||| |||| 00| 0 eng d | ||
| 020 | _a1576903494 | ||
| 050 |
_aLB 1576 _b.M996 1999 |
||
| 082 |
_aTR 372.6 _bM99 1999 |
||
| 245 |
_aLanguage arts activities / _cShirley E. Myers. |
||
| 260 |
_aWestminster, CA : _bteacher created materials, _cc1999. |
||
| 300 |
_a144 p. : _bill. ; _c28 cm. |
||
| 521 | _aTeachers | ||
| 541 | _j1 | ||
| 562 | _e1 | ||
| 650 |
_21. Langueage arts (Elementary) _xCreative activities. _91104 |
||
| 650 | _22. Creative ability. | ||
| 942 |
_2lcc _cBK-TR _kTR |
||
| 999 |
_c6809 _d6809 |
||